| 000 | 00635nam a22002297a 4500 | ||
|---|---|---|---|
| 005 | 20170124105959.0 | ||
| 010 | _a603757 | ||
| 020 |
_c00.00 _a71340955 |
||
| 035 | _a603757 | ||
| 037 | _bCen Lib/Ret | ||
| 040 |
_aDPL _bEN |
||
| 082 |
_a361 _bBES |
||
| 100 |
_aBessell, Robert _915223 |
||
| 245 |
_aIntroduction to social work / _cby Robert Bessell |
||
| 260 |
_aLondon _bB.T. Batsford Ltd _c1970 |
||
| 270 |
_aLondon _bLondon |
||
| 300 |
_a142p. _c20cm(Hb) |
||
| 500 | _aIncludes index | ||
| 650 |
_aSocial work _91156 |
||
| 650 |
_aSocial service--Vocational guidance _910016 |
||
| 942 |
_2ddc _cEN _h361 _mBES |
||
| 999 |
_c125701 _d125701 |
||